000
00225nam a22000977a 4500
999
_c
16104
_d
16104
003
OSt
008
191106b ||||| |||| 00| 0 eng d
100
_a
Gandhi,M K.
_9
4546
245
_a
The task before Indian students
942
_c
BK